مكتبة جامعة عجلون الوطنية

فهرس بحث المكتبة

البيان المفصل في صناعة الانشاء والبلاغة والعروض (Record no. 21677)

MARC details
000 -LEADER
fixed length control field 00787nam a2200217Ii 4500
003 - CONTROL NUMBER IDENTIFIER
control field JO-AjNU
008 - FIXED-LENGTH DATA ELEMENTS--GENERAL INFORMATION
fixed length control field 230605s9999||||xx |||||||||||||| ||und||
040 ## - CATALOGING SOURCE
Original cataloging agency JO-AjNU
Language of cataloging ara
Description conventions rda
Transcribing agency JO-AjNU
041 ## - LANGUAGE CODE
Language code of text/sound track or separate title ara
050 14 - LIBRARY OF CONGRESS CALL NUMBER
Classification number PJ6161.G4232 1986
100 3# - MAIN ENTRY--PERSONAL NAME
Personal name غرّيب، جورج,
Relator term author
9 (RLIN) 42313
245 00 - TITLE STATEMENT
Title البيان المفصل في صناعة الانشاء والبلاغة والعروض
250 ## - EDITION STATEMENT
Edition statement ط1
264 31 - PRODUCTION, PUBLICATION, DISTRIBUTION, MANUFACTURE, AND COPYRIGHT NOTICE
Place of production, publication, distribution, manufacture بيروت: دار الثقافة، 1986
300 ## - PHYSICAL DESCRIPTION
Extent 287ص
336 ## - CONTENT TYPE
Content type term text
Content type code txt
Source rdacontent
337 ## - MEDIA TYPE
Media type term unmediated
Media type code n
Source rdamedia
338 ## - CARRIER TYPE
Carrier type term volume
Carrier type code nc
Source rdacarrier
490 0# - SERIES STATEMENT
Series statement سلسلةالموسوع في الأدب العربي 46
650 #4 - SUBJECT ADDED ENTRY--TOPICAL TERM
Topical term or geographic name entry element الشعر العربي-عروض وقوافي-اللغة العربية-بلاغة
9 (RLIN) 42314
Holdings
Withdrawn status Lost status Source of classification or shelving scheme Damaged status Not for loan Home library Current library Shelving location Date acquired Total Checkouts Full call number Barcode Date last seen Price effective from Koha item type
    Library of Congress Classification     مكتبة جامعة عجلون الوطنية مكتبة جامعة عجلون الوطنية المجموعات العامة 06/06/2023   PJ6161.G4232 1986 A18109 06/06/2023 06/06/2023 Books